Action Movie By Top Billed Actor Quiz Stats

 Plays Quiz not verified by Sporcle

Support Sporcle.
Go Orange.
Score 0/15 Timer 04:00
0 Plays Today
% Correct
Raiders of the Lost Ark
96.6%
Die Hard
96.4%
The Bourne Identity
96.2%
The Matrix
96.2%
The Dark Knight
95.9%
Lara Croft: Tomb Raider
95.5%
Skyfall
95.5%
X-Men
94.4%
% Correct
FaceOff
92.4%
Wonder Woman
92.1%
300
87%
Mad Max: Fury Road
85.2%
Baby Driver
81.8%
Looper
81.4%
National Treasure
80.2%

You're not logged in!

Compare scores with friends on all Sporcle quizzes.
OR
Log In

From the Vault

Find the Food in Romanian

by Rackie

We'd like some căpșună and Înghețată, please.
Remove Ads.
Support Sporcle.
Get the best of Sporcle when you Go Orange. This ad-free experience offers more features, more stats, and more fun while also helping to support Sporcle. Thank you for becoming a member.

Show Comments

Extras

Top Quizzes Today


Score Distribution

Your Account Isn't Verified!

In order to create a playlist on Sporcle, you need to verify the email address you used during registration. Go to your Sporcle Settings to finish the process.

Report this User

Report this user for behavior that violates our Community Guidelines.

Details: